Antti Tuiskun singlet - Statistics

Yleistilastot
  • Tätä visaa on pelattu 52 kertaa
  • Keskiarvotulos 13 / 63
Vastaustilastot
Vuosi Kappale % Oikein
2010 Hyökyaalto
82%
2015 Peto on irti
74%
2015 Keinutaan
71%
2009 Juuret
68%
2017 Mä hiihdän
61%
2017 Rahan takii
61%
2017 Hanuri
53%
2015 Sata salamaa
53%
2021 Treenaa
45%
2020 Valittu kansa
37%
2017 Swäg
34%
2005 Tyhjä huone
34%
2022 Koti
29%
2013 Rakkaus on
29%
2017 Aamukuuteen
26%
2022 Grindr Mayhem
26%
2016 Pyydä multa anteeks kunnolla
26%
2006 Sekaisin
26%
2011 Yksinäinen
24%
2022 Elämä tuulee beibi
21%
2004 En halua tietää
21%
2021 Kipee
21%
2019 Minun Suomeni
21%
2013 Jää tai mee
18%
2015 Blaablaa (En kuule sanaakaan)
16%
2020 Häitä ja hautajaisii
16%
2005 Lämmin lumi peittää maan
16%
2005 Läpi jään
16%
2019 Supervoimii
16%
2017 Tragedia
16%
2019 Tulkoon joulu
16%
2010 Atlantti
13%
2019 Hombre
13%
2021 Huonoja ideoita
13%
2019 Joku raja
13%
2018 Kumipuku
13%
2013 Leila
13%
2015 Party (papiidipaadi)
13%
2019 Mikko vaan paketoi
11%
2020 Mistä minä tiedän
11%
2005 Vaarallinen
11%
2004 Yritä ymmärtää
11%
2007 Ei aikaa
8%
2015 Hiton pelkuri
8%
2019 Kaivopuiston jää
8%
2011 Rukous
8%
2019 Seksi vie ja taksi tuo
8%
2016 Suurin fani
8%
2006 Valo
8%
2018 Vedän sut henkeen
8%
2019 Birds and bees
5%
2009 En kiellä
5%
2007 Hyppää kyytiin
5%
2004 Kahdestaan
5%
2009 Viilto
5%
2005 Yksityinen
5%
2006 Levoton
3%
2007 Marraskuu
3%
2013 Mies
3%
2019 Ovet aukee (Bailantai)
3%
2019 Palaan kotiin (tulkoon jo joulu)
3%
2007 Tunturibiisi
3%
2007 Valovuodet (varjosi jäi)
3%
Ehtoja vastaavia visoja ei löytynyt
Tulosjakauma
Jokaisen tuloksen saaneiden osuus
Persentiili vastausten määrän mukaan
Tuloshistoriasi
Et ole pelannut tätä visaa